000 00470nam a22001812 4500
001 0000004535
005 20170406115912.0
008 141009s xx 000 0 eng d
020 _c$
040 _aYour Holding Symbol
_cYour Holding Symbol
100 1 _aConklin,Groff.
245 1 0 _a17X INFINITY SCIENCE FICTION.
250 _a ed.
260 _aMayflower :
_bGroff,
_c1963.
300 _a272 p. ;
_c cm.
650 0 _afiction.
908 _a141009
999 _c4358
_d4358